000 02481nam0a2200433 4500
001 RU\NLR\BIBL_A\022282529
005 20260420012622.0
010 _a978-5-6050942-4-1
_9500
021 _aRU
_bКН-П-24-033976
_9КН-П-24-3435
035 _a(NLR Aleph) 022282529
090 _a13661238
_c13661238
100 _a20240723d2024 u y0rusy50 ca
101 0 _arus
102 _aRU
105 _aach|z|||010yc
181 0 _ai3
_baxxe
181 0 _ab2
_bxb2e
182 0 _an
200 1 _aМузей Василия Ивановича Чапаева
_eкнига-альбом
_fН. О. Самылкин, Т. А. Давыдова, Т. В. Константинова, А. Н. Голюнов
_gМинистерство культуры, по делам национальностей и архивного дела Чувашской Республики, Чувашский национальный музей, Музей В. И. Чапаева
203 _aТекст
_aИзображение
_bвизуальные
_cнепосредственные
210 _aЧебоксары
_cЧувашский национальный музей
_d2024
215 _a150, [1] с.
_cил., цв. ил., портр., факс.
_d27
300 _aАвт. указаны на обороте тит. с.
300 _aНа обл.: 50 лет музею В. И. Чапаева
320 _aБиблиогр.: с. 149-150 (24 назв.)
601 0 2 _aМузей В. И. Чапаева
_cЧебоксары, город; Чувашия
_xИстория
_z1974 - 2024
_91652271
_3RU\NLR\AUTH\66731355
686 1 _aТ3(2)712.8
686 1 _aЦ35(2)712-424дЧапаев.л(2)61
701 1 _aСамылкин
_bН. О.
_gНиколай Олегович
701 1 _7ca
_8rus
_aДавыдова
_bТ. А.
_cсотрудник музея, история и культура
_gТатьяна Анатольевна
_9253249
_3RU\NLR\AUTH\770253305
701 1 _aКонстантинова
_bТ. В.
_gТатьяна Васильевна
701 1 _aГолюнов
_bА. Н.
_gАлександр Николаевич
711 0 2 _aМузей В. И. Чапаева
_cЧебоксары
_9637801
_3RU\NLR\AUTH\8810068103
712 0 2 _4570
_aЧувашский национальный музей
_cЧебоксары
_9634442
_3RU\NLR\AUTH\880487027
942 _cBOOK
980 _aNB